01002nam a22002775a 450000500170000000800410001702000180005804000380007608200190011410000200013324500460015326000450019930000360024449000360028050000250031650000270034150400420036859000380041065000300044865000460047865100100052465300240053494200080055899900170056695201410058320161119114025.0161031s2015 enka frb 001 0 eng d a9781785480218 aEG-ScBUEbengcEG-ScBUEdEG-ScBUE04a004.6bCAM2221 aCamara, Daniel.10aBio-inspired networking /cDaniel Camara. aLondon :bISTE Press :bElsevier,c2015. axxxiv, 109 p. :bill. ;c24 cm.0 aNetworks and telecommunications aIndex : p. 107-109.  aGlossary: p. 103-105.  aIncludes bibliographical references.  aSuzan Ashmawy ; revised by Fouad. 7aComputer networks.2BUEsh 7aNeural networks (Computer science)2BUEsh 2BUEsh bCOMSCIcOctober2016 2ddc c22943d22915 00102ddc40708BaccahaMAINbMAINcLOWd2016-10-31ePurchaseg998.00h25137l0o004.6 CAMp000045118r2025-07-15 00:00:00v1247.50yBB